00217nam a2200097Ia 4500008004100000100000900041245001800050260002700068942000700095999001700102190216s9999||||xx |||||||||||||| ||und|| aNull 0aHindi-Kanyaka bPrabhakar Publications cBK c17686d17686